| 000 | 00624nam a22002057a 4500 | ||
|---|---|---|---|
| 999 |
_c9999 _d9999 |
||
| 003 | AR-CdUCM | ||
| 008 | 190329b ||||| |||| 00| 0 spa d | ||
| 020 | _a978-980-257-265-6 | ||
| 040 |
_aMUNICIPALIDAD PROVINCIAL DEL CUSCO _cBIBLIOTECA MUNICIPAL DEL CUSCO |
||
| 082 |
_212ed. _aSI-0131 / _bRAT / bue |
||
| 100 |
_aRathmann, Peggy _926588 |
||
| 245 | _aBuenas noches, Gorila / | ||
| 260 |
_aBarcelona : _bEkaré, _c2014. |
||
| 300 |
_bIlustraciones _c19 cm. |
||
| 500 | _aPáginas sin numeración | ||
| 650 |
_aLiteratura infantil _9588 |
||
| 650 |
_aSiglo XXI _92856 |
||
| 942 |
_2ddc _cLIBROS |
||
| 945 |
_apjha _d2019-05-14 |
||